000 01123nam a2200229Ia 4500
003 Ost
005 20260416102351.0
008 260416s9999||||xx |||||||||||||| ||und||
040 _cfsecg
041 _aara
082 _a310
100 _aجنيدي، مراد
_eمؤلف
245 0 _a محاضرات في الإحصاء(3) /
_c مراد جنيدي
260 _aالجزائر
_bجامعة الجزائر3: كلية العلوم الإقتصادية، العلوم التجارية وعلوم التسيير
_c2015
300 _a110 ورقة
_bايضاحات
_c30 سم
504 _aمراجع ص.110
520 _aالتوزيعات الاحتمالية الثنائية، اختبار الفرضيات، نظرية توزيع المعاينة، نظرية التقدير ومجال الثقة، الاختبارات الاحصائية وتحليل الانحدار
653 _aالاحتمالات
653 _aالاحصاء
710 _aجامعة الجزائر3: كلية العلوم الإقتصادية، العلوم التجارية وعلوم التسيير
_eناشر علمي
942 _cHANDOUT
999 _c40995
_d40995